000 01422nam a22003734i 4500
001 991060719660506706
003 ES-BaIT
005 20251003131334.0
008 220708e202205 sp 000 0 spa|c
017 _aDL M 11357-2022
_bOficina DL Madrid
020 _a9788412533613
040 _aES-BaUB
_bcat
_erda
_cES-BaUB
041 1 _aspa
_hfre
080 _a165
100 1 _aFoucault, Michel,
_d1926-1984
_eautor
_919943
240 1 _aMots et les choses.
_lCastellà
_9167381
245 1 4 _aLas Palabras y las cosas :
_buna arqueología de las ciencias humanas /
_cMichel Foucault ; traducción de Elsa Cecilia Frost
250 _aPrimera edición
250 _aEdición revisada y corregida
264 1 _aMadrid :
_bSiglo veintiuno editores :
_bClave Intelectual,
_cmayo de 2022
300 _a398 pàgines ;
_c23 cm
336 _atext
_btxt
_2rdacontent
337 _asense mediació
_bn
_2rdamedia
338 _avolum
_bnc
_2rdacarrier
490 1 _aBiblioteca clásica de Siglo Veintiuno
500 _aTítol original: Les mots et les choses, une archéologie des sciences humaines
504 _aInclou referències bibliogràfiques
650 7 _aConeixement, Teoria del
_956504
650 7 _aLlenguatge i llengües
_xFilosofia
_957210
700 1 _aFrost, Elsa Cecilia
_etraductor
_9167382
830 _aBiblioteca clásica de Siglo Veintiuno
_9167383
908 _aUB
_aELISAVA
_aCDMAE
942 _2udc
_c1
999 _c136637
_d136637